000 00345nam a22001457a 4500
008 210528b ||||| |||| 00| 0 eng d
020 _a1880157519
041 _aeng
080 _a781
082 _a781
100 _a45
101 _aMUZ
245 _aFunctional Hearing A Contextual Method for Ear Training
_cGottschalk,A
942 _2udc
_cBK
999 _c57799
_d57799